| 000 | 00721nam a2200241 i 4500 | ||
|---|---|---|---|
| 003 | DO-SdBNP | ||
| 005 | 20230717111857.0 | ||
| 006 | a||||ar|||| 00| 0 | ||
| 007 | ta | ||
| 008 | 230710e2022 a|||| |||| 00| j spa d | ||
| 040 |
_aDO-SdBNP _bspa _cBNPHU _erda |
||
| 082 | 1 |
_222 _bN964y |
|
| 100 | 1 |
_aNúñez, Darwin _979902 |
|
| 245 | 1 | 0 |
_aYanikeke _cDarwin Núñez; dibujos, Yonson Carbonell |
| 264 | 1 |
_a[sin lugar] : _bALPHA EVE, _c2022 |
|
| 300 |
_a[38] páginas : _bIlustraciones ; _c21 cm. |
||
| 336 |
_2rdaconten _atexto _btxt |
||
| 337 |
_2rdamedia _asin medición _bn |
||
| 338 |
_2rdacarrier _avolumen _bnc |
||
| 590 | _aInventariado 2023 / MF | ||
| 700 | 1 |
_aCarbonell, Yonson, _edibujos _983777 |
|
| 942 |
_2ddc _cLF2 |
||
| 999 |
_c54147 _d54147 |
||